[Event "Solta op 6th"]
[Site "Grohote"]
[Date "2023.06.27"]
[Round "1"]
[White "Muha, Magdalena"]
[Black "Brigljevic, Milan"]
[Result "0-1"]
[WhiteElo "1693"]
[BlackElo "2169"]
[PlyCount "54"]
[EventDate "2023.06.27"]
[EventType "swiss"]
[EventRounds "9"]
[EventCountry "CRO"]
[SourceTitle "EXT 2024"]
[Source "ChessBase"]
[SourceDate "2023.10.10"]
[SourceVersion "1"]
[SourceVersionDate "2023.10.10"]
[SourceQuality "1"]

1. d4 d6 2. c4 e5 3. Nc3 Nd7 4. e4 c6 5. Nf3 Ngf6 6. Be2 Be7 7. 0-0 0-0 8. b4 exd4 9. Nxd4 d5 10. cxd5 Bxb4 11. dxc6 Bxc3 12. cxd7 Qxd7 13. Be3 Bxa1 14. Qxa1 Nxe4 15. Rd1 Qe7 16. Bf3 Ng5 17. Bd5 Qe5 18. Bb3 Ne6 19. Qb1 Rd8 20. Bxe6 Bxe6 21. Qxb7 Bxa2 22. Rc1 Bd5 23. Qb5 Qe4 24. Nf3 Qg6 25. Ne1 a5 26. Bb6 Rab8 27. Qxd5 Qxb6 0-1

[Event "Wch U20 Girls 38th"]
[Site "Cala Gonone"]
[Date "2022.10.16"]
[Round "6"]
[White "Muha, Magdalena"]
[Black "Norlamo, Sarabella"]
[Result "1/2-1/2"]
[WhiteElo "1706"]
[BlackElo "1946"]
[PlyCount "118"]
[EventDate "2022.10.12"]
[EventType "swiss"]
[EventRounds "11"]
[EventCountry "ITA"]
[SourceTitle "CBM 210 Extra"]
[Source "ChessBase"]
[SourceDate "2022.11.30"]
[SourceVersion "1"]
[SourceVersionDate "2022.11.30"]
[SourceQuality "1"]

1. d4 Nf6 2. c4 e6 3. g3 Bb4+ 4. Nd2 0-0 5. Bg2 d5 6. Ngf3 dxc4 7. Qc2 Nc6 8. e3 Rb8 9. Qxc4 Qd5 10. 0-0 Qxc4 11. Nxc4 b5 12. Nce5 Bb7 13. Nxc6 Bxc6 14. a3 Bd6 15. b4 Nd7 16. Bb2 Nb6 17. Nd2 Bxg2 18. Kxg2 Na4 19. Rab1 Nxb2 20. Rxb2 e5 21. d5 f5 22. f3 Ra8 23. Nb3 Rfd8 24. e4 fxe4 25. fxe4 Rf8 26. Rc1 Rf7 27. Rf2 Rxf2+ 28. Kxf2 Kf7 29. Rc6 Ke7 30. Ra6 Kd7 31. Nc5+ Kc8 32. Kf3 Bxc5 33. bxc5 Kb7 34. Re6 a5 35. Rxe5 b4 36. axb4 a4 37. d6 cxd6 38. cxd6 a3 39. d7 Kc7 40. Rd5 Kd8 41. Rd1 a2 42. Ra1 Kxd7 43. Ke3 Kc6 44. Kd3 Kb5 45. Kc3 Ra3+ 46. Kb2 Kxb4 47. e5 Re3 48. Rxa2 Re2+ 49. Kb1 Rxa2 50. Kxa2 Kc5 51. Kb3 Kd5 52. Kc3 Kxe5 53. Kd3 h5 54. Ke3 Kf5 55. Kf3 g5 56. h3 g4+ 57. hxg4+ hxg4+ 58. Kf2 Kf6 59. Ke2 Ke6 1/2-1/2

[Event "Wch U20 Girls 38th"]
[Site "Cala Gonone"]
[Date "2022.10.15"]
[Round "5"]
[White "Muha, Magdalena"]
[Black "Georges, Lisa"]
[Result "1-0"]
[WhiteElo "1706"]
[BlackElo "1799"]
[PlyCount "57"]
[EventDate "2022.10.12"]
[EventType "swiss"]
[EventRounds "11"]
[EventCountry "ITA"]
[SourceTitle "CBM 210 Extra"]
[Source "ChessBase"]
[SourceDate "2022.11.30"]
[SourceVersion "1"]
[SourceVersionDate "2022.11.30"]
[SourceQuality "1"]

1. d4 Nf6 2. c4 c5 3. d5 b5 4. cxb5 a6 5. bxa6 g6 6. Nc3 Bxa6 7. g3 d6 8. Bg2 Bg7 9. Nf3 0-0 10. 0-0 Nbd7 11. Rb1 Qa5 12. Bd2 Rfb8 13. b3 c4 14. Nd4 Ne5 15. Kh1 Qc5 16. Be1 Nfd7 17. Nc6 Nxc6 18. dxc6 Ne5 19. c7 Qxc7 20. Bxa8 Rxa8 21. b4 Qd7 22. f3 Bb7 23. Kg2 d5 24. a4 d4 25. Nb5 Ng4 26. Bf2 Nxf2 27. Rxf2 e5 28. Qc2 Qe6 29. Nc7 1-0

[Event "CRO-chT (Women) 30th"]
[Site "Porec"]
[Date "2022.09.27"]
[Round "5.1"]
[White "Muha, Magdalena"]
[Black "Blazeka, Mihaela"]
[Result "0-1"]
[WhiteElo "1706"]
[BlackElo "1967"]
[PlyCount "80"]
[EventDate "2022.09.24"]
[EventType "team-tourn"]
[EventRounds "9"]
[EventCountry "CRO"]
[SourceTitle "CBM 210 Extra"]
[Source "ChessBase"]
[SourceDate "2022.11.30"]
[SourceVersion "1"]
[SourceVersionDate "2022.11.30"]
[SourceQuality "1"]
[WhiteTeam "Novo Virje Konaki (W)"]
[BlackTeam "Zagreb Mladost (W)"]
[WhiteTeamCountry "CRO"]
[BlackTeamCountry "CRO"]

1. d4 Nf6 2. c4 e6 3. g3 d5 4. Bg2 Be7 5. Nf3 0-0 6. 0-0 dxc4 7. Qc2 a6 8. a4 Bd7 9. Qxc4 b5 10. Qc2 Bc6 11. Rd1 Be4 12. Qb3 Bd5 13. Qc2 Nc6 14. Bf4 Nb4 15. Qxc7 Qxc7 16. Bxc7 Nc2 17. Nc3 Nxa1 18. Rxa1 b4 19. Nxd5 Nxd5 20. Ba5 Rac8 21. e4 Nf6 22. Ne5 Rc2 23. Nd3 Rb8 24. Rd1 Nd7 25. Bh3 Kf8 26. Kf1 Rc4 27. Nf4 Rbc8 28. Kg2 Rc1 29. Rd3 g5 30. Nd5 exd5 31. Bxd7 dxe4 32. Rb3 R8c4 33. d5 R1c2 34. Bc6 Bc5 35. Kh3 f5 36. Bc7 g4+ 37. Kh4 Be7+ 38. Kh5 Rxf2 39. h4 gxh3 40. d6 Rxc6 0-1

[Event "EU-ch Amateur U2000"]
[Site "Zagreb"]
[Date "2022.08.16"]
[Round "3"]
[White "Muha, Magdalena"]
[Black "Koksa, Jelena"]
[Result "0-1"]
[WhiteElo "1669"]
[BlackElo "1877"]
[PlyCount "60"]
[EventDate "2022.08.14"]
[EventType "swiss"]
[EventRounds "9"]
[EventCountry "CRO"]
[SourceTitle "CBM 210 Extra"]
[Source "ChessBase"]
[SourceDate "2022.11.30"]
[SourceVersion "1"]
[SourceVersionDate "2022.11.30"]
[SourceQuality "1"]

1. d4 d5 2. c4 dxc4 3. Nf3 Nf6 4. Nc3 a6 5. a4 e6 6. e3 c5 7. Bxc4 Be7 8. 0-0 0-0 9. Qe2 Nbd7 10. Rd1 Qc7 11. d5 exd5 12. Nxd5 Nxd5 13. Bxd5 Nf6 14. Bc4 Bg4 15. e4 Rad8 16. Bd2 Bxf3 17. gxf3 Bd6 18. h3 Nh5 19. Bg5 Rde8 20. Qd2 Bf4 21. Qd5 Re5 22. Bxf4 Nxf4 23. Qd7 Rg5+ 24. Kh1 Qe5 25. Rg1 Nxh3 26. Rxg5 Nxg5 27. Kg2 Qxb2 28. Rd1 Qc3 29. Bd3 Ne6 30. Kg3 Rd8 0-1

[Event "Wch FIDE Online U18 Girls Europe qual"]
[Site "Tornelo INT"]
[Date "2020.12.08"]
[Round "5"]
[White "Jarocka, Liwia"]
[Black "Muha, Magdalena"]
[Result "1-0"]
[WhiteElo "1918"]
[BlackElo "1536"]
[PlyCount "77"]
[EventDate "2020.12.07"]
[EventType "swiss (rapid)"]
[EventRounds "7"]
[EventCountry "ISS"]
[SourceTitle "EXT 2022"]
[Source "ChessBase"]
[SourceDate "2021.10.06"]
[SourceVersion "1"]
[SourceVersionDate "2021.10.06"]
[SourceQuality "1"]

1. e4 e6 2. d4 d5 3. Nd2 c5 4. exd5 Qxd5 5. Ngf3 Nc6 6. Bc4 Qd7 7. Nb3 cxd4 8. 0-0 Nf6 9. Nbxd4 Nxd4 10. Nxd4 a6 11. Re1 Be7 12. c3 Qc7 13. Bf1 0-0 14. g3 b5 15. Bf4 Qb6 16. a4 Bd7 17. Bg2 Rad8 18. Qb3 b4 19. Be3 Bc5 20. a5 Qa7 21. Rad1 bxc3 22. bxc3 Rb8 23. Qc4 Rbc8 24. Qe2 Rfd8 25. Rb1 Rb8 26. Qc4 Rdc8 27. Rxb8 Qxb8 28. Qxa6 Bxd4 29. Bxd4 Bb5 30. Qb7 Ne8 31. Qxb8 Rxb8 32. Rb1 Nc7 33. Be5 Rc8 34. Bxc7 Bd3 35. Rb8 Rxb8 36. Bxb8 Kf8 37. Bf1 Be4 38. a6 Ke7 39. Bg2 1-0

[Event "Wch FIDE Online U18 Girls Europe qual"]
[Site "Tornelo INT"]
[Date "2020.12.07"]
[Round "1"]
[White "Katkov, Michelle"]
[Black "Muha, Magdalena"]
[Result "1-0"]
[WhiteElo "1708"]
[BlackElo "1536"]
[PlyCount "55"]
[EventDate "2020.12.07"]
[EventType "swiss (rapid)"]
[EventRounds "7"]
[EventCountry "ISS"]
[SourceTitle "EXT 2022"]
[Source "ChessBase"]
[SourceDate "2021.10.06"]
[SourceVersion "1"]
[SourceVersionDate "2021.10.06"]
[SourceQuality "1"]

1. e4 e6 2. d4 d5 3. Nd2 c5 4. exd5 Qxd5 5. Ngf3 Nc6 6. Bc4 Qd7 7. 0-0 Nf6 8. Nb3 cxd4 9. Nbxd4 Nxd4 10. Nxd4 a6 11. Re1 Be7 12. c3 Qc7 13. Bb3 0-0 14. Qf3 Bd6 15. h3 Bd7 16. Bg5 Ne8 17. Rad1 Kh8 18. Bc2 f6 19. Qh5 f5 20. Nxe6 Bxe6 21. Rxe6 Bf4 22. Re7 Qb8 23. Rdd7 Bd6 24. Rxb7 Qc8 25. Rf7 Qe6 26. Rxf8+ Bxf8 27. Be3 f4 28. Qxh7# 1-0

[Event "CRO-ch (Women) op"]
[Site "Durdevac"]
[Date "2020.09.04"]
[Round "5"]
[White "Muha, Magdalena"]
[Black "Cvitan, Ena"]
[Result "0-1"]
[WhiteElo "1771"]
[BlackElo "2242"]
[PlyCount "60"]
[EventDate "2020.09.01"]
[EventType "swiss"]
[EventRounds "9"]
[EventCountry "CRO"]
[SourceTitle "CBM 198 Extra"]
[Source "ChessBase"]
[SourceDate "2020.11.30"]
[SourceVersion "1"]
[SourceVersionDate "2020.11.30"]
[SourceQuality "1"]

1. d4 Nf6 2. c4 e6 3. Nf3 a6 4. g3 b5 5. Bg2 bxc4 6. Ne5 d5 7. Nxc4 c5 8. dxc5 Bxc5 9. Be3 Bxe3 10. Nxe3 0-0 11. 0-0 Ra7 12. Nd2 Nbd7 13. Rc1 a5 14. Nb3 Ba6 15. Nd4 Qb6 16. b3 Nc5 17. Bf3 Rc8 18. Ng4 Nxg4 19. Bxg4 Rac7 20. Rc2 Qb4 21. Qd2 Qxd2 22. Rxd2 Ne4 23. Rdd1 Nc3 24. Rd2 f5 25. Bh5 e5 26. Nxf5 g6 27. Nh6+ Kg7 28. Bg4 Rf8 29. Bf3 Kxh6 30. Bxd5 Rd8 0-1

[Event "CRO-ch U19"]
[Site "Vinkovci"]
[Date "2020.07.28"]
[Round "1"]
[White "Vujic, Agata"]
[Black "Muha, Magdalena"]
[Result "1/2-1/2"]
[WhiteElo "1621"]
[BlackElo "1720"]
[PlyCount "45"]
[EventDate "2020.07.28"]
[EventType "swiss"]
[EventRounds "9"]
[EventCountry "CRO"]
[SourceTitle "EXT 2021"]
[Source "ChessBase"]
[SourceDate "2020.10.23"]
[SourceVersion "1"]
[SourceVersionDate "2020.10.23"]
[SourceQuality "1"]

1. e4 e6 2. d4 d5 3. Nd2 c5 4. exd5 Qxd5 5. dxc5 Bxc5 6. Ngf3 Nf6 7. Bc4 Qd6 8. Qe2 Nc6 9. c3 0-0 10. 0-0 Qc7 11. b4 Bd6 12. Bb2 b6 13. Bd3 Nd5 14. g3 Ne5 15. Nxe5 Bxe5 16. Nf3 Bf6 17. Rac1 Bb7 18. Rfe1 Rac8 19. Ne5 Rfd8 20. f4 Rd6 21. a3 Ne7 22. Bxh7+ Kxh7 23. Qh5+ 1/2-1/2

[Event "CRO-chT (Women) 28th"]
[Site "Mali Losinj"]
[Date "2019.09.29"]
[Round "3.2"]
[White "Muha, Magdalena"]
[Black "Ivekovic, Zvjezdana"]
[Result "0-1"]
[WhiteElo "1736"]
[BlackElo "1779"]
[PlyCount "76"]
[EventDate "2019.09.28"]
[EventType "team-tourn"]
[EventRounds "9"]
[EventCountry "CRO"]
[SourceTitle "EXT 2020"]
[Source "ChessBase"]
[SourceDate "2019.10.17"]
[SourceVersion "1"]
[SourceVersionDate "2019.10.17"]
[SourceQuality "1"]
[WhiteTeam "Novo Virje Konaki (W)"]
[BlackTeam "Sisak (W)"]
[WhiteTeamCountry "CRO"]
[BlackTeamCountry "CRO"]

1. d4 d5 2. c4 c6 3. Nf3 Nf6 4. Nc3 e6 5. e3 Bd6 6. Be2 0-0 7. 0-0 Nbd7 8. b3 b6 9. Bb2 Bb7 10. Rc1 Rc8 11. Qd3 Qe7 12. e4 dxe4 13. Nxe4 Bf4 14. Rcd1 c5 15. Nxf6+ Nxf6 16. dxc5 Qxc5 17. Bd4 Qh5 18. g3 Be4 19. Qc3 Nd5 20. Qb2 Bb8 21. Bxg7 Nf4 22. gxf4 Bxf4 23. Be5 Bxf3 24. Bxf4 Bxe2 25. f3 Bxd1 26. Rxd1 Qxf3 27. Rf1 Qh3 28. Be5 Rc5 29. Rf2 Qe3 30. Bd4 Rg5+ 31. Kf1 Qd3+ 32. Re2 Rg4 33. Be3 f6 34. Ke1 Kf7 35. h3 Rg3 36. Bd4 Rxh3 37. Bxf6 Rh1+ 38. Kf2 Rh2+ 0-1

[Event "EU-ch U18 Girls"]
[Site "Bratislava"]
[Date "2019.08.03"]
[Round "2"]
[White "Sankova, Stella"]
[Black "Muha, Magdalena"]
[Result "1-0"]
[WhiteElo "2048"]
[BlackElo "1820"]
[PlyCount "63"]
[EventDate "2019.08.02"]
[EventType "swiss"]
[EventRounds "9"]
[EventCountry "SVK"]
[SourceTitle "CBM 191 Extra"]
[Source "ChessBase"]
[SourceDate "2019.09.30"]
[SourceVersion "1"]
[SourceVersionDate "2019.09.30"]
[SourceQuality "1"]

1. e4 e6 2. d4 d5 3. Nc3 Bb4 4. e5 c5 5. Bd2 Nc6 6. Nb5 Bxd2+ 7. Qxd2 cxd4 8. f4 Nge7 9. Nf3 0-0 10. Bd3 Qa5 11. Nbxd4 Qxd2+ 12. Kxd2 Nxd4 13. Nxd4 b6 14. Rhf1 a5 15. g4 g6 16. Rae1 Ba6 17. Bxa6 Rxa6 18. f5 gxf5 19. gxf5 exf5 20. Nxf5 Nxf5 21. Rxf5 b5 22. Rf6 Re6 23. Kd3 Rc8 24. c3 Rc4 25. Rg1+ Kf8 26. Rgf1 Re7 27. e6 Re4 28. Rxf7+ Rxf7 29. Rxf7+ Ke8 30. Rxh7 Rxe6 31. Rh5 Rd6 32. Kd4 1-0

[Event "CRO-ch U17/U19"]
[Site "Vinkovci"]
[Date "2019.07.27"]
[Round "8"]
[White "Muha, Magdalena"]
[Black "Dejanovic, Tereza"]
[Result "1-0"]
[WhiteElo "1797"]
[BlackElo "1834"]
[PlyCount "57"]
[EventDate "2019.07.22"]
[EventType "swiss"]
[EventRounds "9"]
[EventCountry "CRO"]
[SourceTitle "EXT 2020"]
[Source "ChessBase"]
[SourceDate "2019.10.17"]
[SourceVersion "1"]
[SourceVersionDate "2019.10.17"]
[SourceQuality "1"]

1. d4 d5 2. c4 e6 3. Nf3 Nf6 4. g3 c6 5. Bg2 Bd6 6. 0-0 0-0 7. Nc3 Nbd7 8. Nd2 Bc7 9. e4 dxe4 10. Ndxe4 h6 11. Be3 Nxe4 12. Nxe4 f5 13. Nc3 f4 14. gxf4 Bxf4 15. Ne2 Bxe3 16. fxe3 Qg5 17. Qd3 Nf6 18. Rf3 e5 19. Rg3 Qf5 20. e4 Qe6 21. Rf1 Rd8 22. d5 cxd5 23. exd5 Qb6+ 24. Kh1 Ng4 25. Qf3 h5 26. Qf7+ Kh8 27. h3 h4 28. Be4 Bd7 29. Rgf3 1-0